Normal view MARC view
  • Vikingos

Entry Materia

Number of records used in: 5

001 - NÚMERO DE CONTROL DEL REGISTRO

  • campo de control: 16244

003 - IDENTIFICADOR DE NUMERO DE CONTROL

  • campo de control: UPN

005 - FECHA Y HORA DE LA ÚLTIMA TRANSACCIÓN

  • campo de control: 20220527131514.0

008 - DATOS DE LONGITUD FIJA

  • campo de control de longitud fija: 220527nn acannaabn n ana d

035 ## - NÚMERO DE CONTROL DEL SISTEMA

  • Número de control del sistema: UPN10000016252

040 ## - FUENTE DE LA CATALOGACIÓN

  • Lengua de catalogación: SPA
  • Agencia de transcripción: UPN
  • Centro catalogador de origen: UPN

046 ## - FECHAS CON CODIFICACIÓN ESPECIAL

  • Fecha final para contenidos agregados: 2022

150 ## - ENCABEZAMIENTO - TEMÁTICO

  • Término de materia o nombre geográfico como elemento inicial: Vikingos

670 ## - FUENTE EN LA QUE SE LOCALIZARON DATOS

  • Cita de la fuente: E

680 ## - NOTA GENERAL CON DESPLIEGUE PÚBLICO

  • Texto explicativo: Aquí están registrados los trabajos sobre piratas escandinavos únicamente. Los trabajos generales se registran bajo el encabezamiento de
  • Encabezamiento: NORDICOS

902 ## - CATALOGADOR

  • Catalogador: PN/290796